Antibióticos en medicina veterinaria / (Record no. 146732)
[ view plain ]
| 000 -LEADER | |
|---|---|
| campo de control de longitud fija | 00673nam a2200205 i 4500 |
| 001 - NÚMERO DE CONTROL | |
| campo de control | 146732 |
| 003 - IDENTIFICADOR DE NÚMERO DE CONTROL | |
| campo de control | ES-MaACL |
| 005 - FECHA Y HORA DE LA ÚLTIMA TRANSACCIÓN | |
| campo de control | 20250815114259.0 |
| 007 - CAMPO FIJO DE DESCRIPCIÓN FÍSICA--INFORMACIÓN GENERAL | |
| campo de control de longitud fija | t| |
| 008 - DATOS DE LONGITUD FIJA--INFORMACIÓN GENERAL | |
| campo de control de longitud fija | 070917s1980 sp ||||1| spa d |
| 080 ## - NÚMERO DE LA CLASIFICACIÓN DECIMAL UNIVERSAL | |
| Número de la Clasificación Decimal Universal | 636:615.33 |
| 100 1# - ENTRADA PRINCIPAL--NOMBRE DE PERSONA | |
| Nombre de persona | Trolldenier, Hans. |
| 9 (RLIN) | 111488 |
| 245 10 - MENCIÓN DEL TÍTULO | |
| Título | Antibióticos en medicina veterinaria / |
| Mención de responsabilidad, etc. | Hans Trolldenier ; traducido del alemán por José Romero Muñoz de Arenillas. |
| 260 ## - PUBLICACIÓN, DISTRIBUCIÓN, ETC. | |
| Lugar de publicación, distribución, etc. | Zaragoza : |
| Nombre del editor, distribuidor, etc. | Acribia, |
| Fecha de publicación, distribución, etc. | [1980] |
| 300 ## - DESCRIPCIÓN FÍSICA | |
| Extensión | 275 p. ; |
| Dimensiones | 22 cm. |
| 650 17 - PUNTO DE ACCESO ADICIONAL DE MATERIA--TÉRMINO DE MATERIA | |
| Término de materia o nombre geográfico como elemento de entrada | Antibióticos en veterinaria |
| Fuente del encabezamiento o término | embne |
| 9 (RLIN) | 9850 |
| 700 1# - ENTRADA AGREGADA--NOMBRE PERSONAL | |
| Nombre de persona | Romero Muñoz de Arenillas, José. |
| 9 (RLIN) | 99418 |
| 852 ## - LOCALIZACIÓN | |
| Ubicación | ES-MaACL |
| Número de control de estantería | L-4800 |
| Sublocalización o colección | R.105503 |
| Estatus retirado | Estado de pérdida | Estado de daño | No para préstamo | Biblioteca de origen | Biblioteca actual | Ubicación en estantería | Fecha de adquisición | Fuente de adquisición | Total de préstamos | Signatura topográfica completa | Código de barras | Visto por última vez | Precio de reemplazo | Tipo de ítem Koha |
|---|---|---|---|---|---|---|---|---|---|---|---|---|---|---|
| Biblioteca del Ateneo de Madrid | Biblioteca del Ateneo de Madrid | Depósito 2 | 17/01/2008 | L-4800 | 1153141 | 23/02/2023 | 23/02/2023 | Libro impreso |
